Estate agency, 'a great career' (Record no. 69986)

MARC details
000 -LEADER
fixed length control field 00762cam a2200205 4500
001 - CONTROL NUMBER
control field WB3814-27
008 - FIXED-LENGTH DATA ELEMENTS--GENERAL INFORMATION
fixed length control field 020416n2002 000 0 eng u
035 ## - SYSTEM CONTROL NUMBER
System control number (Sirsi) u117503
245 ## - TITLE STATEMENT
Title Estate agency, 'a great career'
260 ## - PUBLICATION, DISTRIBUTION, ETC.
Date of publication, distribution, etc. 2002
490 ## - SERIES STATEMENT
Series statement Negotiator
Volume/sequential designation 17(4) 12 April 2002, 6(1)
520 ## - SUMMARY, ETC.
Summary, etc. Research by TTC training on 65 trainee estate agents reveals that starting salaries in estate agency are low but trainees feel rewarded by their career choice. Most popular reasons for working in the sector were career progression or working with the public.
590 ## - LOCAL NOTE (RLIN)
Local note WB
650 ## - SUBJECT ADDED ENTRY--TOPICAL TERM
Topical term or geographic name entry element ESTATE AGENCY
650 ## - SUBJECT ADDED ENTRY--TOPICAL TERM
Topical term or geographic name entry element TTC TRAINING
650 ## - SUBJECT ADDED ENTRY--TOPICAL TERM
Topical term or geographic name entry element CAREER
650 ## - SUBJECT ADDED ENTRY--TOPICAL TERM
Topical term or geographic name entry element CAREER DEVELOPMENT
690 ## - LOCAL SUBJECT ADDED ENTRY--TOPICAL TERM (OCLC, RLIN)
Topical term or geographic name as entry element TRAINING AND CAREER DEVELOPMENT
942 ## - ADDED ENTRY ELEMENTS (KOHA)
Suppress in OPAC 0
Holdings
Withdrawn status Lost status Source of classification or shelving scheme Damaged status Not for loan Home library Current library Shelving location Date acquired Total Checkouts Full call number Barcode Date last seen Copy number Price effective from Koha item type
    Dewey Decimal Classification     London London News article 16/04/2002   WB3814-27 117503-1001 06/08/2019 1 06/08/2019 News article